000 00506nam a2200193Ia 4500
005 20250326141127.0
008 250326s9999 xx 000 0 und d
020 _a81-87046-01-5
037 _aTextbook
040 _aFMSL
_beng
_cFMSL
041 _aeng
_2eng
084 _aX72.44 N7
_qFMSL
100 _aSury M M
245 0 _aIndian tax systerms
_cSury M M
260 _aUSA
_bUSA, Indian tax Institute
_c1997
300 _a303p
942 _cTB
_hX72.44 N7
999 _c1288822
_d1288822